000 01201nam a2200301 a 4500
001 ebr5005108
003 CaPaEBR
006 m u
007 cr cn|||||||||
008 981016s1999 ctu sbd 001 0deng
010 _z 98046818
020 _z0313305439 (alk. paper)
040 _aCaPaEBR
_cCaPaEBR
035 _a(OCoLC)179125543
050 1 4 _aE839
_b.H57 1999eb
082 0 4 _a973.924
_221
245 0 0 _aHistorical dictionary of the 1970s
_h[electronic resource] /
_cedited by James S. Olson.
260 _aWestport, Conn. :
_bGreenwood Press,
_c1999.
300 _aviii, 414 p.
504 _aIncludes bibliographical references (p. [383]-396) and index.
533 _aElectronic reproduction.
_bPalo Alto, Calif. :
_cebrary,
_d2013.
_nAvailable via World Wide Web.
_nAccess may be limited to ebrary affiliated libraries.
650 0 _aNineteen seventies
_vDictionaries.
651 0 _aUnited States
_xHistory
_y1969-
_vDictionaries.
655 7 _aElectronic books.
_2local
700 1 _aOlson, James Stuart,
_d1946-
710 2 _aebrary, Inc.
856 4 0 _uhttp://site.ebrary.com/lib/rucke/Doc?id=5005108
_zAn electronic book accessible through the World Wide Web; click to view
999 _c16543
_d16543